000 00628nam a2200229Ia 4500
003 BUBTL
008 151213s9999 xx 000 0 und d
020 _a0-256-13950-4
082 _a658.848/CAI
100 _a Cateora,Philip R.
_92712
245 _aInternational marketing
_cPhilip R. Cateora
250 _a9th
260 _aLondon
_bIrwin
_c1996
300 _a[xxiii],772p.:
_bMap,Graph;25cm.
_cMarketing
500 _aIncludes Index
650 _aMarketing
_92713
650 _aMarketing
_92713
700 _a P . R. Cateora
_92714
856 _k0
_l0
_yDownload
942 _2ddc
_cBK
999 _c1784
_d1784